000 00211nam a2200097Ia 4500
005 20251222114410.0
008 251222s1900||||xx |||||||||||||| ||spa||
082 _aDVD0070/S99/1976
245 0 _aRocky:
942 _cDVD
999 _c1995
_d1995